Välja Vara : En Studie Om Gymnasieval, Mässor Och Kampen Om Framtiden.

Bibliographic Details
Main Author: Harling, Martin.
Format: eBook
Language:Swedish
Published: Linköping : Linkopings Universitet, 2017.
Edition:1st ed.
Series:Linköping Studies in Pedagogic Practices Series
Subjects:
Online Access:Click to View
LEADER 01983nam a22003853i 4500
001 EBC4845290
003 MiAaPQ
005 20240729202202.0
006 m o d |
007 cr cnu||||||||
008 240729s2017 xx o ||||0 swe d
020 |a 9789176855492  |q (electronic bk.) 
035 |a (MiAaPQ)EBC4845290 
035 |a (Au-PeEL)EBL4845290 
035 |a (CaPaEBR)ebr11405600 
035 |a (OCoLC)993125513 
040 |a MiAaPQ  |b eng  |e rda  |e pn  |c MiAaPQ  |d MiAaPQ 
100 1 |a Harling, Martin. 
245 1 0 |a Välja Vara :  |b En Studie Om Gymnasieval, Mässor Och Kampen Om Framtiden. 
250 |a 1st ed. 
264 1 |a Linköping :  |b Linkopings Universitet,  |c 2017. 
264 4 |c {copy}2017. 
300 |a 1 online resource (127 pages) 
336 |a text  |b txt  |2 rdacontent 
337 |a computer  |b c  |2 rdamedia 
338 |a online resource  |b cr  |2 rdacarrier 
490 1 |a Linköping Studies in Pedagogic Practices Series ;  |v v.32 
505 0 |a Intro -- Innehåll -- Förord -- Prolog -- Kapitel 1. Inledning -- Kapitel 2. Studiens bakgrund och forskningsfält -- Kapitel 3. Teoretiska utgångspunkter, begreppsligt ramverk och analytiska grepp -- Kapitel 4. Metodologiska överväganden -- Kapitel 5. Avhandlingens artiklar: ett kort referat -- Kapitel 6. Diskussion och slutsatser -- Summary -- Conclusion -- Referenser -- Artiklar i avhandlingen. 
588 |a Description based on publisher supplied metadata and other sources. 
590 |a Electronic reproduction. Ann Arbor, Michigan : ProQuest Ebook Central, 2024. Available via World Wide Web. Access may be limited to ProQuest Ebook Central affiliated libraries.  
655 4 |a Electronic books. 
776 0 8 |i Print version:  |a Harling, Martin  |t Välja Vara  |d Linköping : Linkopings Universitet,c2017 
797 2 |a ProQuest (Firm) 
830 0 |a Linköping Studies in Pedagogic Practices Series 
856 4 0 |u https://ebookcentral.proquest.com/lib/matrademy/detail.action?docID=4845290  |z Click to View